[Event "Faxe EMT"]
[Site "Faxe"]
[Date "2013.05.08"]
[Round "5"]
[White "Strandsbjerg, Jens"]
[Black "Andersen, Hans E"]
[Result "0-1"]
[WhiteElo "1612"]
[BlackElo "1417"]
[PlyCount "86"]
[EventDate "2013.04.03"]
[EventType "swiss"]
[EventRounds "7"]
[EventCountry "DEN"]
[SourceTitle "EXT 2023"]
[Source "ChessBase"]
[SourceDate "2022.10.05"]
[SourceVersion "1"]
[SourceVersionDate "2022.10.05"]
[SourceQuality "1"]

1. d4 Nf6 2. c4 d5 3. e3 c6 4. Nc3 Bf5 5. Bd3 e6 6. Bxf5 exf5 7. cxd5 Nxd5 8. Nxd5 Qxd5 9. Nf3 Qb5 10. a3 Bd6 11. Qe2 Qxe2+ 12. Kxe2 0-0 13. Re1 Nd7 14. g3 Rfe8 15. Kf1 Nf6 16. Nd2 Ne4 17. f3 Nxd2+ 18. Bxd2 Re6 19. e4 fxe4 20. fxe4 Rae8 21. e5 Bc7 22. Bc3 f6 23. exf6 Rxf6+ 24. Kg2 Rfe6 25. Rxe6 Rxe6 26. Re1 Kf7 27. Kf3 g6 28. g4 Rxe1 29. Bxe1 Bxh2 30. Ke4 Ke6 31. Bd2 h5 32. gxh5 gxh5 33. b4 h4 34. a4 h3 35. b5 Bc7 36. Kf3 Kd5 37. bxc6 bxc6 38. Be3 Kc4 39. d5 cxd5 40. Bxa7 Kb4 41. Be3 Kxa4 42. Kf2 Kb5 43. Kg1 Bb6 0-1

[Event "Faxe EMT"]
[Site "Faxe"]
[Date "2013.05.01"]
[Round "4"]
[White "Nielsen, Flemming"]
[Black "Strandsbjerg, Jens"]
[Result "0-1"]
[WhiteElo "1361"]
[BlackElo "1612"]
[PlyCount "80"]
[EventDate "2013.04.03"]
[EventType "swiss"]
[EventRounds "7"]
[EventCountry "DEN"]
[SourceTitle "EXT 2023"]
[Source "ChessBase"]
[SourceDate "2022.10.05"]
[SourceVersion "1"]
[SourceVersionDate "2022.10.05"]
[SourceQuality "1"]

1. e4 e6 2. d4 d5 3. Nd2 Nf6 4. e5 Nfd7 5. Ne2 c5 6. c3 Nc6 7. Nf3 cxd4 8. cxd4 Qb6 9. a3 Be7 10. Ng3 f6 11. Bf4 fxe5 12. Nxe5 Ndxe5 13. Bxe5 Nxe5 14. dxe5 Qxb2 15. Be2 Qc3+ 16. Kf1 Qxe5 17. Bb5+ Bd7 18. Bxd7+ Kxd7 19. Qa4+ Kd8 20. Re1 Qd6 21. Qg4 Qa6+ 22. Kg1 Bf6 23. Rxe6 Qxa3 24. h4 Rc8 25. Rh3 Rc4 26. Qf5 Qa1+ 27. Kh2 Kc7 28. Qxd5 Qd4 29. Qa5+ Kb8 30. Re4 Qc5 31. Qe1 Rxe4 32. Nxe4 Qe7 33. Qe3 Qc7+ 34. f4 Re8 35. g4 Qc2+ 36. Qd2 Qxe4 37. Qd6+ Ka8 38. g5 Qe2+ 39. Kh1 Qf1+ 40. Kh2 Qf2+ 0-1

[Event "Faxe Eftermiddag-B"]
[Site "Faxe"]
[Date "2012.10.03"]
[Round "2"]
[White "Hansen, Borge"]
[Black "Strandsbjerg, Jens"]
[Result "1/2-1/2"]
[WhiteElo "1525"]
[BlackElo "1559"]
[PlyCount "64"]
[EventDate "2012.09.26"]
[EventType "tourn"]
[EventRounds "5"]
[EventCountry "DEN"]
[SourceTitle "EXT 2023"]
[Source "ChessBase"]
[SourceDate "2022.10.05"]
[SourceVersion "1"]
[SourceVersionDate "2022.10.05"]
[SourceQuality "1"]

1. d4 Nf6 2. c4 e6 3. e3 b6 4. Nf3 Bb7 5. Be2 Be7 6. 0-0 0-0 7. Nc3 d6 8. a3 Nbd7 9. Ne1 Ne4 10. Nxe4 Bxe4 11. f4 c5 12. Bf3 Nf6 13. Bxe4 Nxe4 14. Nf3 d5 15. cxd5 Qxd5 16. Qe2 Rfd8 17. Rd1 Qh5 18. Qc2 f5 19. b3 Rac8 20. dxc5 Rxd1+ 21. Qxd1 Rd8 22. Qe1 Bf6 23. Ra2 Nxc5 24. b4 Ne4 25. Bb2 Bxb2 26. Rxb2 Qf7 27. Nd2 Nc3 28. h3 Qd7 29. Nf3 Ne4 30. Nd4 b5 31. Rc2 Rb8 32. Qc1 Rb7 1/2-1/2

[Event "Faxe Eftermiddag-B"]
[Site "Faxe"]
[Date "2012.09.26"]
[Round "1"]
[White "Strandsbjerg, Jens"]
[Black "Refsgaard, Kaj"]
[Result "0-1"]
[WhiteElo "1559"]
[BlackElo "1581"]
[PlyCount "171"]
[EventDate "2012.09.26"]
[EventType "tourn"]
[EventRounds "5"]
[EventCountry "DEN"]
[SourceTitle "EXT 2023"]
[Source "ChessBase"]
[SourceDate "2022.10.05"]
[SourceVersion "1"]
[SourceVersionDate "2022.10.05"]
[SourceQuality "1"]

1. d4 d5 2. c4 c6 3. e3 Nf6 4. Nc3 g6 5. Nf3 Bg7 6. Bd3 0-0 7. 0-0 a6 8. h3 Nbd7 9. cxd5 cxd5 10. b3 Re8 11. Bb2 b5 12. Rc1 Bb7 13. Ne2 Rc8 14. Ng3 Rxc1 15. Bxc1 Ne4 16. Bxe4 dxe4 17. Ng5 Nf6 18. h4 Qd6 19. h5 Rd8 20. hxg6 hxg6 21. Qe2 Bh6 22. Nh3 Kg7 23. Bb2 Bd5 24. Rc1 Be6 25. Nxe4 Nxe4 26. d5+ Kg8 27. dxe6 Qxe6 28. Rd1 Rd5 29. Rxd5 Qxd5 30. Qg4 Qd3 31. Qc8+ Bf8 32. Qc1 b4 33. Nf4 Qd7 34. Qc2 Qf5 35. Qd3 e5 36. Nh3 Bg7 37. a3 Nc5 38. Qxf5 gxf5 39. axb4 Nxb3 40. Kf1 f6 41. Ke2 Bf8 42. Bc3 Nc1+ 43. Kd1 Na2 44. Kc2 Bxb4 45. Bxb4 Nxb4+ 46. Kb3 a5 47. Ka4 Nc6 48. Kb5 Kf7 49. Ng1 Nb4 50. Kxa5 Nd3 51. Nh3 Ke6 52. Ka4 Kd5 53. Kb3 Ke4 54. Kc2 Ne1+ 55. Kd1 Nxg2 56. Ke2 Nh4 57. Ng1 Ng6 58. f3+ Kd5 59. Nh3 f4 60. e4+ Kd4 61. Nf2 Nh4 62. Ng4 f5 63. exf5 Nxf5 64. Nf2 Ng3+ 65. Kd2 Nf5 66. Ke2 Ne3 67. Nh3 Nf5 68. Ng5 Nd6 69. Nh3 Kc3 70. Nf2 Nb5 71. Ne4+ Kd4 72. Kd2 Na3 73. Ke2 Nb1 74. Kf2 Nc3 75. Ng5 Nd1+ 76. Ke2 Ne3 77. Ne4 Nf5 78. Kf2 Kd3 79. Ng5 Nd6 80. Nh3 Kd2 81. Ng5 Nc4 82. Ne4+ Kd1 83. Ng5 Nb2 84. Nh3 Nd3+ 85. Kf1 Kd2 86. Ng5 0-1

[Event "Faxe EMT"]
[Site "Faxe"]
[Date "2012.05.09"]
[Round "6"]
[White "Ostrem, Eyolf"]
[Black "Strandsbjerg, Jens"]
[Result "1-0"]
[WhiteElo "1414"]
[BlackElo "1433"]
[PlyCount "101"]
[EventDate "2012.03.28"]
[EventType "swiss"]
[EventRounds "7"]
[EventCountry "DEN"]
[SourceTitle "EXT 2023"]
[Source "ChessBase"]
[SourceDate "2022.10.05"]
[SourceVersion "1"]
[SourceVersionDate "2022.10.05"]
[SourceQuality "1"]

1. d4 Nf6 2. Nf3 e6 3. Bf4 b6 4. e3 Bb7 5. Nbd2 Be7 6. Bd3 0-0 7. h3 d5 8. c3 c5 9. Qc2 cxd4 10. exd4 h6 11. 0-0 Bd6 12. Ne5 Nh5 13. Bh7+ Kh8 14. Nxf7+ Rxf7 15. Bxd6 Qxd6 16. Bg6 Rf6 17. Bxh5 Nd7 18. Bg4 Raf8 19. Nf3 Re8 20. Rfe1 Qe7 21. Re3 Qf7 22. Ne5 Nxe5 23. Rxe5 g6 24. Qe2 Bc8 25. Re1 Kg7 26. h4 h5 27. Bf3 Rf8 28. Rg5 Rf5 29. Rxf5 Qxf5 30. Qe5+ Qxe5 31. Rxe5 Rf6 32. Be2 a6 33. a4 Kf7 34. Re3 Ke7 35. Rf3 Bb7 36. Rxf6 Kxf6 37. Bd3 Bc8 38. f4 Bb7 39. Kf2 Bc8 40. Ke3 Bb7 41. g3 Bc8 42. b3 Bb7 43. Kd2 Bc8 44. Kc2 Bb7 45. Kb2 Bc8 46. Ka3 Bb7 47. Kb4 Bc8 48. a5 b5 49. Kc5 Bd7 50. Kb6 Bc8 51. Kc7 1-0

[Event "Faxe Eftermiddag-C"]
[Site "Faxe"]
[Date "2011.10.05"]
[Round "5"]
[White "Strandsbjerg, Jens"]
[Black "Brinkhard, Anders"]
[Result "0-1"]
[WhiteElo "1453"]
[BlackElo "1525"]
[PlyCount "106"]
[EventDate "2011.09.07"]
[EventType "tourn"]
[EventRounds "5"]
[EventCountry "DEN"]
[SourceTitle "EXT 2023"]
[Source "ChessBase"]
[SourceDate "2022.10.05"]
[SourceVersion "1"]
[SourceVersionDate "2022.10.05"]
[SourceQuality "1"]

1. d4 e6 2. c4 Nf6 3. Nc3 c6 4. Nf3 d5 5. e3 Bd6 6. c5 Bc7 7. Bd3 Nbd7 8. b4 e5 9. dxe5 Nxe5 10. h3 Nxd3+ 11. Qxd3 0-0 12. 0-0 Re8 13. Nd4 Ne4 14. Bb2 f6 15. Nxe4 Rxe4 16. a3 Qe8 17. Nf3 Qg6 18. Kh1 Bf5 19. Qe2 Qe8 20. Rad1 Qh5 21. Ng1 Qxe2 22. Nxe2 Bg6 23. Bd4 Rae8 24. Rde1 R4e7 25. Ng1 Bd3 26. Ne2 Bxe2 27. Rxe2 a6 28. Rc1 Kf7 29. Kg1 g6 30. Rce1 f5 31. Kf1 f4 32. exf4 Rxe2 33. Rxe2 Rxe2 34. Kxe2 Bxf4 35. Bb2 Ke6 36. g3 Bh6 37. f4 Bf8 38. h4 h5 39. Ke3 Kf5 40. Kf3 Be7 41. Bd4 Bd8 42. Bb2 a5 43. Bc3 axb4 44. axb4 b6 45. Bd4 bxc5 46. bxc5 Ba5 47. Be5 Bb4 48. Bd4 Ba3 49. Bf2 Bb2 50. Be1 d4 51. Bb4 Bc3 52. Ba3 d3 53. Ke3 d2 0-1

[Event "Faxe EMT"]
[Site "Faxe"]
[Date "2003.05.07"]
[Round "7"]
[White "Eckert, Svend"]
[Black "Strandsbjerg, Jens"]
[Result "1-0"]
[WhiteElo "1585"]
[BlackElo "1477"]
[PlyCount "43"]
[EventDate "2003.03.19"]
[EventType "swiss"]
[EventRounds "7"]
[EventCountry "DEN"]
[SourceTitle "EXT 2023"]
[Source "ChessBase"]
[SourceDate "2022.10.05"]
[SourceVersion "1"]
[SourceVersionDate "2022.10.05"]
[SourceQuality "1"]

1. e4 e6 2. Nc3 d5 3. exd5 exd5 4. d4 Nf6 5. Bd3 h6 6. Nge2 c6 7. 0-0 Bd6 8. Bf4 0-0 9. Qd2 Qc7 10. Bxh6 Bxh2+ 11. Kh1 Ng4 12. Bxg7 Qe7 13. Bxf8 Qh4 14. g3 Nxf2+ 15. Kg2 Bh3+ 16. Kxf2 Bxg3+ 17. Nxg3 Qxd4+ 18. Qe3 Qxe3+ 19. Kxe3 Nd7 20. Rh1 Re8+ 21. Kd2 Bg4 22. Bd6 1-0